In the shadow of the cross : (Record no. 21170)

MARC details
000 -LEADER
fixed length control field 01191cam a22003494a 4500
001 - CONTROL NUMBER
control field 12212417
003 - CONTROL NUMBER IDENTIFIER
control field OSt
005 - DATE AND TIME OF LATEST TRANSACTION
control field 20260129165707.0
008 - FIXED-LENGTH DATA ELEMENTS--GENERAL INFORMATION
fixed length control field 001027s2001 tnu b 000 0 eng
010 ## - LIBRARY OF CONGRESS CONTROL NUMBER
LC control number 00052889
020 ## - INTERNATIONAL STANDARD BOOK NUMBER
International Standard Book Number 0805423419
020 ## - INTERNATIONAL STANDARD BOOK NUMBER
International Standard Book Number 9780805423419
035 ## - SYSTEM CONTROL NUMBER
System control number 12212417
040 ## - CATALOGING SOURCE
Original cataloging agency DLC
Transcribing agency DLC
Modifying agency DLC
042 ## - AUTHENTICATION CODE
Authentication code pcc
050 00 - LIBRARY OF CONGRESS CALL NUMBER
Classification number BT453
Item number .P75 2001
082 00 - DEWEY DECIMAL CLASSIFICATION NUMBER
Classification number 232.96
Edition number 21
100 1# - MAIN ENTRY--PERSONAL NAME
Personal name Pritchard, Ray,
Dates associated with a name 1952-
245 10 - TITLE STATEMENT
Title In the shadow of the cross :
Remainder of title the deeper meaning of Calvary /
Statement of responsibility, etc. Ray Pritchard.
260 ## - PUBLICATION, DISTRIBUTION, ETC. (IMPRINT)
Place of publication, distribution, etc. Nashville, Tenn. :
Name of publisher, distributor, etc. Broadman & Holman,
Date of publication, distribution, etc. c2001.
300 ## - PHYSICAL DESCRIPTION
Extent viii, 221 p. ;
Dimensions 24 cm.
336 ## - CONTENT TYPE
Content type term text
Content type code txt
Source rdacontent
337 ## - MEDIA TYPE
Media type term unmediated
Media type code n
Source rdamedia
338 ## - CARRIER TYPE
Carrier type term volume
Carrier type code nc
Source rdacarrier
504 ## - BIBLIOGRAPHY, ETC. NOTE
Bibliography, etc Includes bibliographical references (p. 217-220).
600 00 - SUBJECT ADDED ENTRY--PERSONAL NAME
Personal name Jesus Christ
General subdivision Crucifixion.
650 #0 - SUBJECT ADDED ENTRY--TOPICAL TERM
Topical term or geographic name as entry element Holy Cross.
906 ## - LOCAL DATA ELEMENT F, LDF (RLIN)
a 7
b cbc
c orignew
d 1
e ocip
f 20
g y-gencatlg
942 ## - ADDED ENTRY ELEMENTS (KOHA)
Source of classification or shelving scheme Library of Congress Classification
Koha item type General Collection
Holdings
Withdrawn status Lost status Source of classification or shelving scheme Not for loan Home library Current library Shelving location Date acquired Source of acquisition Inventory number Total Checkouts Full call number Barcode Date last seen Copy number Price effective from Koha item type
    Library of Congress Classification   Kabarak, Main Campus Kabarak, Main Campus General Stacks 29/01/2026 Donation 2025/3604   BT453 .P75 2001 C.1 39961 29/01/2026 C.1 29/01/2026 General Collection
Designed with assistance from East African Informatics Ltd